000 00797nam a2200181Ia 4500
008 100920s9999 xx 000 0 und d
082 _b53481
_a29 थ 83
100 _a---
245 _aमहात्मा गांधी यांचे संकलित वाड.मय. 51.
260 _bमहाराष्ट्र शासन.मुंबई.
_c1983
300 _a476
_bसाधी
365 _b27
520 _aमहात्मा गांधी वाड:मय.
630 _aमहात्मा गांधी यांचे संकलित वाड.मय. 51.
650 _aमहात्मा गांधी वाड:मय.
730 _aमहात्मा गांधी यांचे संकलित वाड.मय. 51.
942 _cBOOK
999 _c698526
_d698523